MARC details
| 000 -CABECERA |
| campo de control de longitud fija |
01053nam a2200277 a 4500 |
| 001 - NÚMERO DE CONTROL |
| campo de control |
000024711 |
| 005 - FECHA Y HORA DE LA ÚLTIMA TRANSACCIÓN |
| campo de control |
20251215115317.0 |
| 008 - DATOS DE LONGITUD FIJA--INFORMACIÓN GENERAL |
| campo de control de longitud fija |
110202s1989 ve r 000 0 spa d |
| 020 ## - NÚMERO INTERNACIONAL ESTÁNDAR DEL LIBRO |
| Número Internacional Estándar del Libro |
9806110366 |
| 040 ## - FUENTE DE LA CATALOGACIÓN |
| Centro catalogador/agencia de origen |
DO-SdBNP |
| Lengua de catalogación |
spa |
| Centro/agencia transcriptor |
BNPHU |
| 082 ## - NÚMERO DE LA CLASIFICACIÓN DECIMAL DEWEY |
| Número de clasificación |
320.12 |
| Número de documento/Ítem |
S482 |
| 100 1# - ENTRADA PRINCIPAL--NOMBRE DE PERSONA |
| Nombre de persona |
Serbin, Andrés |
| 9 (RLIN) |
30573 |
| 245 10 - MENCIÓN DE TÍTULO |
| Título |
El Caribe zona de paz? : |
| Resto del título |
geopolítica, integración y seguridad / |
| Mención de responsabilidad, etc. |
Andrés Serbin ; edición a cargo de Daniel González V. |
| 260 ## - PUBLICACIÓN, DISTRIBUCIÓN, ETC. |
| Lugar de publicación, distribución, etc. |
Caracas, Venezuela : |
| Nombre del editor, distribuidor, etc. |
Editorial Nueva Sociedad, |
| Fecha de publicación, distribución, etc. |
1989. |
| 300 ## - DESCRIPCIÓN FÍSICA |
| Extensión |
188, [1] p. ; |
| Dimensiones |
23 cm. |
| 500 ## - NOTA GENERAL |
| Nota general |
Incluye datos del autor en la solapa de la contracubierta |
| 500 ## - NOTA GENERAL |
| Nota general |
Incluye referencias bibliográficas |
| 500 ## - NOTA GENERAL |
| Nota general |
Incluye notas al pie de las páginas |
| 650 #4 - PUNTO DE ACCESO ADICIONAL DE MATERIA--TÉRMINO DE MATERIA |
| Término de materia o nombre geográfico como elemento de entrada |
Geopolítica |
| 9 (RLIN) |
18428 |
| 650 #4 - PUNTO DE ACCESO ADICIONAL DE MATERIA--TÉRMINO DE MATERIA |
| Término de materia o nombre geográfico como elemento de entrada |
Geografía política |
| 9 (RLIN) |
50693 |
| 650 #4 - PUNTO DE ACCESO ADICIONAL DE MATERIA--TÉRMINO DE MATERIA |
| Término de materia o nombre geográfico como elemento de entrada |
Política internacional |
| 9 (RLIN) |
2879 |
| 650 #0 - PUNTO DE ACCESO ADICIONAL DE MATERIA--TÉRMINO DE MATERIA |
| Término de materia o nombre geográfico como elemento de entrada |
Organización internacional |
| 9 (RLIN) |
4204 |
| 650 #4 - PUNTO DE ACCESO ADICIONAL DE MATERIA--TÉRMINO DE MATERIA |
| Término de materia o nombre geográfico como elemento de entrada |
El caribe |
| Subdivisión general |
Política y gobierno |
| 9 (RLIN) |
50694 |
| 700 1# - PUNTO DE ACCESO ADICIONAL--NOMBRE DE PERSONA |
| Nombre de persona |
González V.,Daniel |
| Término indicativo de función/relación |
ed. |
| 9 (RLIN) |
50695 |
| 710 2# - PUNTO DE ACCESO ADICIONAL--NOMBRE DE ENTIDAD CORPORATIVA |
| Nombre de entidad corporativa o nombre de jurisdicción como elemento de entrada |
Comisión Sudamericana de Paz |
| 9 (RLIN) |
50696 |